[Event "Kuwait City Wafra Gulf op 3rd"]
[Site "Kuwait City"]
[Date "2024.05.18"]
[Round "9"]
[White "Krutarth, Thakkar"]
[Black "Poliquit, Dennis"]
[Result "1-0"]
[WhiteElo "1647"]
[BlackElo "1999"]
[PlyCount "75"]
[EventDate "2024.05.17"]
[EventType "swiss"]
[EventRounds "9"]
[EventCountry "KUW"]
[SourceTitle "CBM 220 Extra"]
[Source "ChessBase"]
[SourceDate "2024.07.31"]
[SourceVersion "1"]
[SourceVersionDate "2024.07.31"]
[SourceQuality "1"]

1. e4 e5 2. Nf3 Nc6 3. Bc4 Nf6 4. d4 exd4 5. e5 d5 6. Bb5 Ne4 7. Nxd4 Bd7 8. Bxc6 bxc6 9. 0-0 Bc5 10. f3 Ng5 11. f4 Ne4 12. Be3 Bb6 13. Nd2 c5 14. N4b3 Nxd2 15. Nxd2 d4 16. Bf2 Bc6 17. Qg4 Qd5 18. c4 dxc3 19. Nf3 0-0 20. f5 Qe4 21. Qh3 cxb2 22. Rae1 Qf4 23. Be3 c4 24. Nd2 Bxe3+ 25. Qxe3 Qxe3+ 26. Rxe3 Rab8 27. Rb1 Bd5 28. Rc3 Rfd8 29. Nxc4 Be4 30. Rxb2 Rd1+ 31. Kf2 Rxb2+ 32. Nxb2 Rd2+ 33. Ke3 Bxf5 34. Kxd2 h5 35. Ke3 Kh7 36. Rxc7 Kg6 37. Nc4 Be6 38. Kd4 1-0